header

Fundamental Interactions (Record no. 238093)

MARC details
000 -LEADER
fixed length control field 01638nam a2200373 a 4500
245 10 - TITLE STATEMENT
Title Fundamental Interactions
260 ## - PUBLICATION, DISTRIBUTION, ETC. (IMPRINT)
Place of publication Singapore ;
-- Hackensack, N.J. :
Name of publisher World Scientific,
Year of publication c2009.
300 ## - PHYSICAL DESCRIPTION
Number of Pages xi, 415 p. :
Other physical details ill.
650 #0 - SUBJECT ADDED ENTRY--TOPICAL TERM
Topical Term Nuclear reactions
Topical Term Particles (Nuclear physics)
Topical Term Particles (Nuclear physics)
Topical Term Standard model (Nuclear physics)
Topical Term Astrophysics
Topical Term Nuclear astrophysics
700 1# - ADDED ENTRY--PERSONAL NAME
Personal name Astbury, A.
856 40 - ELECTRONIC LOCATION AND ACCESS
Uniform Resource Identifier http://site.ebrary.com/lib/rucke/Doc?id=10422478

No items available.

© 2026 Rongo University
Contact us: librarian | system librarian | Rongo university